Задания по главным схемам электростанций и подстанций: методические указания по самостоятельной работе для студентов электроэнергетических направлений и специальностей
| Autor Corporativo: | |
|---|---|
| Outros autores: | |
| Summary: | Заглавие с титульного экрана Электронная версия печатной публикации Режим доступа: из сети НТБ ТПУ |
| Idioma: | ruso |
| Publicado: |
Томск, Изд-во ТПУ, 2003
|
| Subjects: | |
| Acceso en liña: | http://www.lib.tpu.ru/fulltext3/mv/2007/mv74.pdf |
| Formato: | MixedMaterials Electrónico Libro |
| KOHA link: | https://koha.lib.tpu.ru/cgi-bin/koha/opac-detail.pl?biblionumber=115637 |
MARC
| LEADER | 00000nlm0a2200000 4500 | ||
|---|---|---|---|
| 001 | 115637 | ||
| 005 | 20240219162057.0 | ||
| 035 | |a (RuTPU)RU\TPU\book\125066 | ||
| 090 | |a 115637 | ||
| 100 | |a 20070511d2003 k y0rusy50 ca | ||
| 101 | 0 | |a rus | |
| 102 | |a RU | ||
| 105 | |a y j 001zy | ||
| 135 | |a vrcn ---uucaa | ||
| 181 | 0 | |a i | |
| 182 | 0 | |a b | |
| 200 | 1 | |a Задания по главным схемам электростанций и подстанций |e методические указания по самостоятельной работе для студентов электроэнергетических направлений и специальностей |f Томский политехнический университет; сост. Н. М. Космынина | |
| 203 | |a Текст |c электронный | ||
| 210 | |a Томск |c Изд-во ТПУ |d 2003 | ||
| 300 | |a Заглавие с титульного экрана | ||
| 300 | |a Электронная версия печатной публикации | ||
| 333 | |a Режим доступа: из сети НТБ ТПУ | ||
| 337 | |a Adobe Reader | ||
| 452 | 1 | |0 (RuTPU)RU\TPU\book\79675 |t Задания по главным схемам электростанций и подстанций |o Методические указания по самостоятельной работе для студентов электроэнергетических направлений и специальностей |f Томский политехнический университет; Сост. Н. М. Космынина |c Томск |n Изд-во ТПУ |d 2003 |p 36 с. | |
| 610 | 1 | |a электростанции | |
| 610 | 1 | |a электрические подстанции | |
| 610 | 1 | |a схемы | |
| 610 | 1 | |a самостоятельные работы | |
| 610 | 1 | |a задания | |
| 610 | 1 | |a учебные пособия | |
| 610 | 1 | |a труды учёных ТПУ | |
| 610 | 1 | |a электронный ресурс | |
| 675 | |a 621.311(076) |v 3 | ||
| 702 | 1 | |a Космынина |b Н. М. |c специалист в области электроэнергетики |c доцент Томского политехнического университета, кандидат технических наук |f 1953- |g Нина Михайловна |3 (RuTPU)RU\TPU\pers\26575 |4 220 |9 12264 | |
| 712 | 0 | 2 | |a Томский политехнический университет |
| 801 | 1 | |a RU |b 63413507 |c 20070511 |g PSBO | |
| 801 | 2 | |a RU |b 63413507 |c 20160427 |g PSBO | |
| 856 | 4 | |u http://www.lib.tpu.ru/fulltext3/mv/2007/mv74.pdf | |
| 942 | |c CF | ||